MARC

LEADER 00000nam1a2200000 4500
001 114756
005 20231031122344.0
035 |a (RuTPU)RU\TPU\book\124109 
090 |a 114756 
100 |a 20070425d2006 m y0rusy50 ca 
101 0 |a rus 
102 |a RU 
200 1 |a Физика микросистем  |e учебное пособие  |e в 2 частях  |f В. А. Гридчин, И. Г. Неизвестный, В. Н. Шумский 
210 |a Новосибирск  |c Изд-во НГТУ  |d 2006 
225 1 |a Учебники НГТУ 
700 1 |a Гридчин  |b В. А.  |g Виктор Алексеевич 
701 1 |a Неизвестный  |b И. Г.  |g Игорь Георгиевич 
701 1 |a Шумский  |b В. Н.  |g Владимир Николаевич 
801 1 |a RU  |b 63413507  |c 20070425  |g PSBO 
942 |c BK